000 00610nam a22002297a 4500
003 UA-OsUOA
001 29701
007 ta
008 20041025b un ||||| |||| 00| 0 ukr d
090 _a82.09(477)
_bШ-37
942 _cBK
040 _aUA-OsUOA
_brus
_cUA-OsUOA
_dUA-OsUOA
245 _aТарас Шевченко
_cРед. Н. Ф.Бельчиков Ф. Я.Прийман С. И.Козлов
300 _a271 с.
955 _a0
041 _arus
080 _a82.09(477)
260 _aМосква
_bАкадемия наук СССР
_c1962
044 _aRU
650 7 _2UDC
999 _c316097
_d316097